| 000 | 02648nam0a2200385 4500 | ||
|---|---|---|---|
| 001 | RU\NLR\BIBL_A\012877796 | ||
| 005 | 20221206140333.0 | ||
| 010 |
_a978-5-6047754-3-1 _91000 |
||
| 021 |
_aRU _bКН-П-22-043389 _9КН-П-22-3745 |
||
| 035 | _a(NLR Aleph) 012877796 | ||
| 035 | _a(RuMoRGB)011131002 | ||
| 090 |
_a12509943 _c12509943 |
||
| 100 | _a20220830d2022 u y0rusy50 ca | ||
| 101 | 0 | _arus | |
| 102 | _aRU | ||
| 105 | _aa z 000ay | ||
| 181 | 0 |
_ai _baxxe |
|
| 181 | 0 |
_ab1 _bbb2e |
|
| 182 | 0 | _an | |
| 200 | 1 |
_aИстория о будущем и тайны звезд _eфилософская сказка _fГригорий Кучерук, Олег Ленивый |
|
| 203 |
_aТекст _aИзображение _bвизуальные _cнепосредственные |
||
| 210 |
_aСимферополь _cТаврида _d2022 |
||
| 215 |
_a316, [3] с. _cил. _d17 |
||
| 300 | _aНад вып. дан. 2-й авт.: Ленивый (Кучерук) Олег Васильевич | ||
| 320 | _aДр. произведения 1-го авт. на 316-й с. | ||
| 330 | _aДвижение, развитие и сознание - это свойства материи. И задавать вопрос: "Что первично: материя или сознание?" - нелепо. Это означает, что мы пытаемся определить, что первично: объект или его свойство. Материя и сознание неразделимо связаны друг с другом. Особенность этой книги в том, что, используя такой литературный жанр, как сказка, автор раскрывает новые философские идеи, связывает воедино учения материалистов и идеалистов. В этом необычном произведении Григорий Кучерук и Олег Ленивый аргументированно отвечают на извечные вопросы человечества: "Кто мы? Откуда мы? Куда мы идем?" | ||
| 606 | 1 |
_aЭзотерические учения _91568890 _3RU\NLR\AUTH\66986948 |
|
| 686 | 1 | _aЭ391,0 | |
| 700 | 1 |
_aКучерук _bГ. О. _f2009- _gГригорий Олегович |
|
| 701 | 1 |
_7ca _8rus _aЛенивый _bО. В. _f1968- _gОлег Васильевич _9248416 _3RU\NLR\AUTH\770248472 |
|
| 942 | _cBOOK | ||
| 980 | _aNB | ||